00941nam a22002297a 4500003001000000005001700010007000300027008004100030040001000071080002200081100002300103245007200126250001200198260002900210300002000239500003200259520024800291650003800539942001200577999001500589952010700604AR-RoIUNI20251110152151.0ta251110s2002 bl d|||fr 001 0 por d cIUNIR a001.814 (035) HAR aHardy, Ellen.9529 aInstruções para escrever um projeto de pesquisa /cEllen Hardy. a1a. ed. aBrasil:bCemicamp,c2002 a60 p. ;c21 cm. aLibro en Idioma Portugués aEste livro foi revisado em 2012, e tem como objetivo auxiliar na preparação de um protocolo de pesquisa, indicando as linhas gerais e algumas fontes de informação. O texto é dirigido especificamente aos alunos de pós-graduação. 0aInvestigación Científica9484 2cducBK c6357d6357 00102cdu4070aCREbCREcCREd2019-01-08i4782l0o001.814 (035) HARp4782cr2025-11-10 15:18:00yBK